Central Library OPAC University of Rajshahi

বাংলাদেশে জাতীয় সংসদ নির্বাচনে রাজনৈতিক দলসমূহের অংশগ্রহণের প্রকৃতি (১৯৯১-২০০১) : (Record no. 37192)

MARC details
000 -LEADER
fixed length control field 01986ntm a2200265 a 4500
001 - CONTROL NUMBER
control field 37192
003 - CONTROL NUMBER IDENTIFIER
rucl marc code BD-RjUL
005 - DATE AND TIME OF LATEST TRANSACTION
control field 20211209052604.0
008 - FIXED-LENGTH DATA ELEMENTS--GENERAL INFORMATION
fixed length control field 141103s2013 bg a|||| mb|| 00| 0 ben d
035 ## - SYSTEM CONTROL NUMBER
System control number (BD-RjUL)37294
040 ## - CATALOGING SOURCE
Original cataloging agency BD-RjUL
Language of cataloging ben
Transcribing agency BD-RjUL
Modifying agency BD-RjUL
041 ## - LANGUAGE CODE
Language code of text/sound track or separate title ben
082 ## - DEWEY DECIMAL CLASSIFICATION NUMBER
Edition number 21
Classification number 324.95492
Author mark and year BAB 2013
100 ## - MAIN ENTRY--PERSONAL NAME
Personal name বারী, মো. সাদেকুল
9 (RLIN) 113808
245 10 - TITLE STATEMENT
Title বাংলাদেশে জাতীয় সংসদ নির্বাচনে রাজনৈতিক দলসমূহের অংশগ্রহণের প্রকৃতি (১৯৯১-২০০১) :
Remainder of title একটি পর্যালোচনা /
Statement of responsibility, etc. মো. সাদেকুল বারী ;
Linkage প্রিন্সিপ্যাল সুপারভাইজার : মো. আনসার উদ্দিন ; কো-সুপারভাইজার : মো. রুহুল আমিন.
260 ## - PUBLICATION, DISTRIBUTION, ETC. (IMPRINT)
Place of publication, distribution, etc. রাজশাহী :
Name of publisher, distributor, etc. রাষ্ট্রবিজ্ঞান বিভাগ, রাজশাহী বিশ্ববিদ্যালয়,
Date of publication, distribution, etc. ২০১৩.
300 ## - PHYSICAL DESCRIPTION
Pagination iv, [২], ২১০ পাতা:
Illustrations চিত্র ;
Size ২৯ সেমি.
502 ## - DISSERTATION NOTE
Dissertation note থিসিস (এম. ফিল.)--রাষ্ট্রবিজ্ঞান বিভাগ, রাজশাহী বিশ্ববিদ্যালয়, ২০১৩.
504 ## - BIBLIOGRAPHY, ETC. NOTE
Bibliography, etc গ্রন্থপঞ্জি: পাতা [১৯৫]-২১০.
650 ## - SUBJECT ADDED ENTRY--TOPICAL TERM
Topical term or geographic name as entry element জাতীয় সংসদ নির্বাচন
Form subdivision ইতিহাস
Chronological subdivision ১৯৯১-২০০১
Geographic subdivision বাংলাদেশ
9 (RLIN) 113817
Topical term or geographic name as entry element National Parliament Election
Form subdivision History
Chronological subdivision 1991-2001
Geographic subdivision Bangladesh
9 (RLIN) 113818
700 ## - ADDED ENTRY--PERSONAL NAME
Personal name উদ্দিন, মো. আনসার, প্রিন্সিপ্যাল সুপারভাইজার
Personal name আমিন, মো. রুহুল, কো-সুপারভাইজার
942 ## - ADDED ENTRY ELEMENTS (KOHA)
Source of classification or shelving scheme Dewey Decimal Classification
Koha item type Theses
Holdings
Lost status Source of classification or shelving scheme Damaged status Not for loan Collection code Permanent Location Current Location Shelving location Date acquired Source of acquisition Cost, normal purchase price Total Checkouts Full call number Date last seen Copy number Koha item type
  Dewey Decimal Classification   Not For Loan Theses Central Library, University of Rajshahi Central Library, University of Rajshahi Documentation Section 25/09/2014 Controller of Examination Office, University of Rajshahi, Rajshahi. 0.00   BTHE 324.95492 BAB 2013 03/11/2014 C-1 Theses